000 00472nam a22001817a 4500
005 20230112113803.0
008 200511b xxu||||| |||| 00| 0 eng d
020 _a9788123905548
041 _aeng
082 _a615.3
100 _aSINGHAL , K.L
245 _aPharmacology laboratory Manual: experimental; vol -1
250 _a2'nd
260 _aNew Delhi
_bC.B.S Publisher and Distributors
_c2019
300 _a66
650 _aPHARMACY
_xB.PHARMA
_97083
942 _cBK
999 _c6188
_d6186